000 00959nam a2200205Ii 4500
003 JO-AjNU
008 230605s9999||||xx |||||||||||||| ||und||
040 _aJO-AjNU
_bara
_erda
_cJO-AjNU
041 _aara
050 1 4 _aKRM814.3.A58 1980
100 3 _aسلطان، أنور سليم ,
_eauthor
_919550
245 0 0 _a العقود المسماة : شرح عقدي البيع والمقايضة : دراسة مقارنة في القانونين المصري واللبناني
250 _a(د،ط)
264 3 1 _aبيروت : دار النهضة العربية، 1980
300 _a405ص
336 _atext
_btxt
_2rdacontent
337 _aunmediated
_bn
_2rdamedia
338 _avolume
_bnc
_2rdacarrier
650 4 _aالعقود المسماة -- مصر-- العقود المسماة -- لبنان -- العقود (قانون مدني) -- مصر-- العقود (قانون مدني) -- لبنان -- القانون المدني المقارن
_919551
999 _aA6471
_c10039
_d10039